00416nam a2200133Ia 4500020001800000082002800018100001900046245006100065260004100126300001000167650003000177650003000207650004500237 a81-7099-246-x a307.14120954 PAN-; SL1 aPandey, Keshav 0aSvatantyottar bharat me gramya vikasa aur Gandhi-Darshan aNew DelhibMittal Publicationsc1991 a199p. aRural Development - India aIndia - Social conditions aGANDHI, MOHANDAS KARAMCHAND - Philosophy